| 000 | 00379nam a22001577a 4500 | ||
|---|---|---|---|
| 003 | macl | ||
| 005 | 20170929160456.0 | ||
| 008 | 170929b xxu||||| |||| 00| 0 eng d | ||
| 040 | _cmacl | ||
| 082 | _a300 | ||
| 100 |
_aSinha,Sachchidanand _969297 |
||
| 245 | _aSocialism and power | ||
| 260 |
_aDelhi _bAnamika publishers _c2015 |
||
| 650 |
_aSocial _969298 |
||
| 942 |
_2ddc _cBK |
||
| 999 |
_c57073 _d57073 |
||